| 000 | 00705nam a2200193 4500 | ||
|---|---|---|---|
| 999 |
_c16721 _d16721 |
||
| 008 | 220311b ||||| |||| 00| 0 eng d | ||
| 020 | _a9781260598193 | ||
| 082 |
_22022 _aDC 612 _bSa312 |
||
| 100 |
_aSaladin, Kenneth S. _944700 |
||
| 245 |
_aEssentials of anatomy & physiology / _cKenneth S. Saladin, Robin K. McFarland and Christina A. Gan. |
||
| 250 | _a3rd edition. | ||
| 260 |
_aNew York : _bMcGraw Hill LLC, _c©2022. |
||
| 300 |
_axxi, 758 pages : _bcolor illustrations ; _c27 cm. |
||
| 500 | _aIncludes appendices, glossary and index. | ||
| 650 |
_aHuman physiology. _944701 |
||
| 700 |
_aMcFarland, Robin K. _eAuthor. _944702 |
||
| 700 |
_aGan, Christina A. _eAuthor. _927438 |
||
| 942 |
_2ddc _cDC |
||